La Suède pour les touristes... - Statistiques

Statistiques générales
  • Ce quiz a été pris 50 fois
  • Le résultat moyen est 14 sur 20
Statistiques - réponses
Question Indice Réponses % Correct
Quelle est la langue officielle ? Suédois
100%
Quelles autres langues sont répandues ? S Suédois
100%
Dans la capitale y-a-t-il un décalage horaire avec Paris ? (oui/non) Non
96%
Quelles autres langues sont répandues ? A Anglais
94%
Quelles autres langues sont répandues ? D Danois
94%
La conduite se fait à droite ou à gauche ? Droite
94%
Quelles sont les principales villes touristiques ? S Stockholm
90%
La vitesse sur autoroute est limitée à {110} km/h
86%
Quelles autres langues sont répandues ? A Allemand
84%
Quelles sont les principales villes touristiques ? M Malmo
82%
Quelles sont les principales villes touristiques ? G Goteborg
80%
Quelle est la monnaie ? Couronne suédoise
71%
Le suffixe internet est se
69%
Achats à faire 3/ Poisson fumé Saumon
65%
Le taux d'alcoolémie toléré au volant est de {0.2} g/l
61%
Quelles sont les principales villes touristiques ? U Uppsala
47%
Achats à faire 2/ Chaussures en bois Sabots
37%
Achats à faire 1/ Cheval de... Dalécarlie
16%
La religion majoritaire est Luthérianisme
10%
Quel parc national peut-on visiter ? T Tiveden
0%
Aucun quiz correspondant
Distribution des résultats
% des personnes avec chaque résultat
Percentile par nombre de réponses
Votre historique - résultats
Vous n’avez pas pris ce quiz